LEADER 01221nam a2200301 u 4500 001 000000049289 003 CaOOAMICUS 005 20070226115108.0 008 000623s2000 it u000 u ita u 020 $a8835098602 035 $a10850901 040 $aPUL(R)$bita 245 00$aEducare all'identitą sessuata /$ca cura di Maria Luisa Di Pietro ; Aldo Basso ... [et al.]. 260 $aBrescia :$bEd. La Scuola,$cc2000. 300 $a252 p. :$b21 cm 490 1 $aEducazione e societą 504 $aBibliografia in nota. 650 4$aSessuologia.$0(OLS)http://pul/subject/1695 700 1 $aBasso, Aldo.$0(OLS)http://pul/name/35660 700 1 $aDi Pietro, Maria Luisa.$0(OLS)http://pul/name/32006 830 0$aEducazione e societą (La Scuola).$0(OLS)http://pul/title/66480 850 $aPUL 852 $aPUL$W1$xDP1 Cons. Gen., Altre Classi 1$y22$m845 H 105$j65518$nBK-PRI$b $qStampati$B65518$CPULBib$Z2$F65518 $H $81 941 1 $a8 961 $aINV: 82292 996 $6020$a8835098602$9(OLS)http://pul/number/62226 996 $6245$aEducare all'identitą sessuata$9(OLS)http://pul/title/66479 996 $6260$aBrescia :$bEd. La Scuola$9(OLS)http://pul/publisher/65388 LEADER 01363nam a2200313 a 4500 001 000000170896 003 CaOOAMICUS 005 20231012111423.0 008 181203s1999 enk 000 u eng r 020 $a0195132564* 032 $aLibriCat 040 $aPUL$bita 082 14$a530.01 100 1 $aNadeau, Robert,$d1944-$0(OLS)http://pul/name/44023 245 14$aThe non-local universe : $bthe new physics and matters of the mind / $cRobert Nadeau, Menas Kafatos. 260 $aOxford :$bOxford University Press,$c©1999. 300 $aXVI, 240 p. ; $c21 cm. 504 $aContiene riferimenti bibliografici. 650 4$aFisica$xStudi.$0(OLS)http://pul/subject/19193 650 4$aFisica e filosofia.$0(OLS)http://pul/subject/18706 700 1 $aKafatos, Menas.$0(OLS)http://pul/name/109899 850 $aPUL 852 $aPUL$W1$xDP2 Cons. Gen., Altre Classi 3$y97$m530. 01 NADRO 1$j194183$qDDC 21$B199415$CPULBib$Z2$F199415 $H131807 $81 941 1 $a9 996 $6020$a0195132564*$9(OLS)http://pul/number/165463 996 $6082$a530.01$9(OLS)http://pul/classification/3177 996 $6245$aThe non-local universe : $bthe new physics and matters of the mind / $9(OLS)http://pul/title/211740 996 $6260$aOxford :$bOxford University Press$9(OLS)http://pul/publisher/48013